FPGA Based Video Warper (Record no. 13266)
[ view plain ]
| 000 -LEADER | |
|---|---|
| fixed length control field | 00386nam a22001337a 4500 |
| 082 ## - DEWEY DECIMAL CLASSIFICATION NUMBER | |
| Classification number | BE-EE-3 |
| 100 ## - MAIN ENTRY--PERSONAL NAME | |
| Personal name | Sumesh Kumar |
| 9 (RLIN) | 92363 |
| 245 ## - TITLE STATEMENT | |
| Title | FPGA Based Video Warper |
| 260 ## - PUBLICATION, DISTRIBUTION, ETC. | |
| Place of publication, distribution, etc. | Islamabad |
| Name of publisher, distributor, etc. | NUST-SEECS |
| Date of publication, distribution, etc. | 2015 |
| 300 ## - PHYSICAL DESCRIPTION | |
| Extent | 56 |
| Accompanying material | CD Include |
| 500 ## - GENERAL NOTE | |
| General note | Supervisors: Dr. Rehan Hafiz, Dr. Murtaza Khan |
| 856 ## - ELECTRONIC LOCATION AND ACCESS | |
| Uniform Resource Identifier | <a href="http://10.250.8.41:8080/xmlui/handle/123456789/10800">http://10.250.8.41:8080/xmlui/handle/123456789/10800</a> |
| 942 ## - ADDED ENTRY ELEMENTS (KOHA) | |
| Koha item type | Project Report |
| Source of classification or shelving scheme | |
| Withdrawn status | Lost status | Damaged status | Not for loan | Collection code | Permanent Location | Current Location | Shelving location | Date acquired | Full call number | Barcode | Date last seen | Price effective from | Koha item type | Source of classification or shelving scheme |
|---|---|---|---|---|---|---|---|---|---|---|---|---|---|---|
| WITHDRAWN | Central Library (CL) | Central Library (CL) | General Stacks | 07/07/2015 | BE-EE-3 SUM | SEECSP01670 | 07/05/2015 | 07/05/2015 | Project Report | |||||
| WITHDRAWN | Central Library (CL) | Central Library (CL) | Thesis | 10/15/2020 | 621.3 | CL-BP-548 | 10/15/2020 | 10/15/2020 | Project Report |
